Ética globalizada & Sociedade de consumo (Record no. 156663)

MARC details
000 -LÍDER
campo de controle de tamanho fixo 00580 a2200157 4500
001 - NÚMERO DE CONTROLE
campo de controle 156663
020 ## - ISBN - INTERNATIONAL STANDARD BOOK NUMBER
ISBN - International Standard Book Number 8516041786
040 ## - FONTE DA CATALOGAÇÃO
Instituição que transcreveu o registro Escola São Tomás de Aquino
100 ## - ENTRADA PRINCIPAL--NOME PESSOAL
Nome pessoal CHIAVENATO, Júlio José
240 10 - TÍTULO UNIFORME
Título uniforme Ética globalizada & Sociedade de consumo
Idioma da obra por
245 10 - TÍTULO
Título Ética globalizada & Sociedade de consumo
300 ## - DESCRIÇÃO FÍSICA
Extensão 96
362 0# - DATAS DE PUBLICAÇÃO E/OU DESIGNAÇÃO SEQUENCIAL
Datas de publicação e/ou designação sequencial 2004
697 ## - ENTRADA DE ASSUNTO LOCAL--ENTIDADE COLETIVA (RLIN)
Nome corporativo ou nome da jurisdição Instituições econômicas (Sistema de propriedade, produção, trocas, livre iniciativa, cooperação, sindicalismo, sistemas agrícolas, de trabalho, aposentadoria)
942 ## - ELEMENTOS DE ENTRADA ADICIONADOS (KOHA)
Tipo de material Koha Livros
Holdings
Situação do descarte Situação das perdas Situação física Não pode ser emprestado Biblioteca de origem Biblioteca atual Data de aquisição Total de empréstimos Número de chamada completo Código de barras Data de último acesso Data do preço efetivo Tipo de material Koha
        ESTA - SÃO BENTO ESTA - SÃO BENTO 30/04/2024   306.3 CHI ETI EST00010956 30/04/2024 30/04/2024 Livros